| 000 | 01169nam a22002297a 4500 | ||
|---|---|---|---|
| 999 |
_c21699 _d21699 |
||
| 003 | AR-CdUCM | ||
| 008 | 190425b ||||| |||| 00| 0 spa d | ||
| 040 |
_aMUNICIPALIDAD PROVINCIAL DEL CUSCO _cBIBLIOTECA MUNICIPAL DEL CUSCO |
||
| 082 |
_aRev.Univ/N°24,25/1918 _bRev.Univ/N°24,25/1918 |
||
| 110 |
_aUniversidad Nacional de San Antonio Abad del Cusco _915942 |
||
| 245 |
_aRevista Universitaria : _bÓrgano de la Universidad del Cuzco / |
||
| 260 |
_aCusco : _bEl Trabajo, _cjunio,1918. _csetiembre, 1918. |
||
| 300 |
_a101 páginas. : _c20 cm. |
||
| 440 |
_aRevista Universitaria _nAño VII, junio, setiembre 1918, N°24,25 _945806 |
||
| 505 | _aContenido: Apuntes para la historia del Cuzco. -- Discurso de apertura abril 1918. José Gabriel Cosio. -- Flora Apurimensis. -- Fortunato L. Herrera. -- Las universidades menores. César Antonio Ugarte. -- La riqueza forestal del departamento del Cuzco. M Carmen García. -- Crónica universitaria. | ||
| 650 |
_aUniversidades _92151 |
||
| 650 |
_aBotánica cusqueña _945807 |
||
| 650 |
_aSiglo XX _945802 |
||
| 710 |
_aUniversidad Nacional de San Antonio Abad del Cusco _915942 |
||
| 942 |
_2ddc _cPP |
||
| 945 | _arac | ||